The computer handbook : a businessman's guide to choosing and using a computer system

Αποθηκεύτηκε σε:
Λεπτομέρειες βιβλιογραφικής εγγραφής
Κύριος συγγραφέας: Jones, Charles P.
Μορφή: Βιβλίο
Γλώσσα:English
Δημοσίευση: Houndmills : MacMillan, 1986
Θέματα:
Ετικέτες: Προσθήκη ετικέτας
Δεν υπάρχουν, Καταχωρήστε ετικέτα πρώτοι!

MARC

LEADER 00000nam a2200000 i 4500
001 1/57702
008 960207s1986 eng d
020 |a 0333392639 
035 |l 10028239 
040 |a GR-MY-UA  |b gre  |e aacr 
041 0 |a eng 
082 0 |a 658.05 
100 1 |a Jones, Charles P. 
245 1 4 |a The computer handbook :  |b a businessman's guide to choosing and using a computer system /  |c Charles P. Jones 
260 |a Houndmills :   |b MacMillan,   |c 1986 
300 |a XII, 372 P 
650 0 0 |a Microcomputers  |x Catalogs. 
852 |a INST  |b CHIOS  |e 19960207  |h 658.05 JON  |p 005200002342  |q 005200002342  |t BK  |y 0 
909 |a Χ  |b 005295